Movie Word Quintets IV Quiz Stats

 Plays Quiz Updated Sep 4, 2017

Challenge
Share
Tweet
Score 0/30 Timer 08:00
0 Plays Today
% Correct
The Hunger Games: Catching Fire
89.1%
Freaky Friday
82.3%
Friday Night Lights
75.5%
Chariots of Fire
73.5%
True Lies
71.6%
Midnight Cowboy
70.8%
Mystic River
69.4%
Indiana Jones and the Kingdom of the Crystal Skull
68.4%
The Bridge on the River Kwai
64%
Friday the 13th
62.1%
A River Runs Through It
58.8%
In the Line of Fire
51.5%
Man on Fire
50.4%
Kingdom of Heaven
45.9%
Moonrise Kingdom
44.5%
% Correct
Midnight in Paris
44.2%
His Girl Friday
44%
What Lies Beneath
41.3%
Reign of Fire
37.9%
sex, lies, and videotape
37.4%
The River Wild
34.9%
Midnight Run
31.8%
Before Midnight
29.7%
Body of Lies
15.2%
Secrets & Lies
11.1%
The Long Good Friday
10.3%
Animal Kingdom
9.5%
Midnight Special
9.4%
The Forbidden Kingdom
9.2%
Frozen River
6.1%

You're not logged in!

Compare scores with friends on all Sporcle quizzes.
OR
Log In

You Might Also Like...

Show Comments

Extras

Top Quizzes Today


Score Distribution

Your Account Isn't Verified!

In order to create a playlist on Sporcle, you need to verify the email address you used during registration. Go to your Sporcle Settings to finish the process.

Report this User

Report this user for behavior that violates our Community Guidelines.

Details: